header

Closer to the masses (Record no. 55354)

MARC details
000 -LEADER
fixed length control field 01490nam a2200349 a 4500
082 04 - DEWEY DECIMAL CLASSIFICATION NUMBER
Classification number 302.23/0947
100 1# - MAIN ENTRY--AUTHOR NAME
Personal name Lenoe, Matthew E.
245 10 - TITLE STATEMENT
Title Closer to the masses
260 ## - PUBLICATION, DISTRIBUTION, ETC. (IMPRINT)
Place of publication Cambridge, Mass. :
Name of publisher Harvard University Press,
Year of publication 2004.
300 ## - PHYSICAL DESCRIPTION
Number of Pages viii, 315 p. :
Other physical details ill.
490 1# - SERIES STATEMENT
Series statement Russian Research Center studies ;
650 #0 - SUBJECT ADDED ENTRY--TOPICAL TERM
Topical Term Press and propaganda
Topical Term Communism and culture
Topical Term Socialist realism
856 40 - ELECTRONIC LOCATION AND ACCESS
Uniform Resource Identifier http://site.ebrary.com/lib/rucke/Doc?id=10328852

No items available.

© 2026 Rongo University
Contact us: librarian | system librarian | Rongo university